000 00346nam a2200145Ia 4500
008 191201s2009 xx 000 0 und d
082 _a629.2
_bGUA
100 _aGUPTA, K M
245 0 _aAutomobile Engineering Vol-1
250 _aRep
260 _aN.Delhi
_bUmesh Publications
_c2009
300 _a607
650 _aB.Tech(ME)
942 _2ddc
_cBK
999 _c4023
_d4023